[Event "Valby K41 Spring-B"]
[Site "Valby"]
[Date "2011.05.10"]
[Round "7"]
[White "Christensen, Esben"]
[Black "Hansen, Martin Holmegaard"]
[Result "1/2-1/2"]
[WhiteElo "2020"]
[BlackElo "1958"]
[PlyCount "67"]
[EventDate "2011.03.15"]
[EventType "tourn"]
[EventRounds "7"]
[EventCountry "DEN"]
[SourceTitle "EXT 2023"]
[Source "ChessBase"]
[SourceDate "2022.10.05"]
[SourceVersion "1"]
[SourceVersionDate "2022.10.05"]
[SourceQuality "1"]

1. e4 e6 2. Nf3 d5 3. Nc3 Bb4 4. a3 Bxc3 5. dxc3 c6 6. exd5 Qxd5 7. Bd3 Nf6 8. Qe2 Nbd7 9. Bf4 Nc5 10. Bc4 Qf5 11. Be5 Qe4 12. 0-0 Qxe2 13. Bxe2 Ncd7 14. Bd6 Ne4 15. Bf4 0-0 16. Rad1 h6 17. Rd4 Nef6 18. Rfd1 Re8 19. Ne5 Nd5 20. Nxd7 Bxd7 21. Bg3 c5 22. R4d2 Bc6 23. c4 Nf6 24. f3 Rac8 25. Bh4 b6 26. Kf2 Nh5 27. Ke1 Nf4 28. Bf1 g5 29. Bf2 e5 30. Be3 e4 31. Bxf4 exf3+ 32. Kf2 fxg2 33. Bxg2 gxf4 34. Bf3 1/2-1/2

[Event "Valby K41 Spring-B"]
[Site "Valby"]
[Date "2011.04.26"]
[Round "5"]
[White "Hansen, Martin Holmegaard"]
[Black "Moller, Arne Vagn"]
[Result "0-1"]
[WhiteElo "1958"]
[BlackElo "1979"]
[PlyCount "68"]
[EventDate "2011.03.15"]
[EventType "tourn"]
[EventRounds "7"]
[EventCountry "DEN"]
[SourceTitle "EXT 2023"]
[Source "ChessBase"]
[SourceDate "2022.10.05"]
[SourceVersion "1"]
[SourceVersionDate "2022.10.05"]
[SourceQuality "1"]

1. e3 e5 2. b3 Nf6 3. Bb2 Nc6 4. Nf3 d6 5. d4 e4 6. Nfd2 Bg4 7. Be2 Bxe2 8. Qxe2 d5 9. Ba3 Bxa3 10. Nxa3 Qe7 11. Nab1 Nb4 12. Na3 0-0 13. 0-0 a5 14. c4 a4 15. c5 axb3 16. axb3 c6 17. Ndb1 Ra6 18. Nc3 Rfa8 19. Nc2 Nxc2 20. Rxa6 Rxa6 21. Qxc2 Qd8 22. Na4 Nd7 23. f3 Qg5 24. Qf2 exf3 25. Qxf3 Qg6 26. Qf4 Ra8 27. Qc7 Qe6 28. Qxb7 Rb8 29. Qa7 Rxb3 30. Nb6 Nf8 31. Qc7 Rxe3 32. Qc8 Re1 33. Qxe6 Rxf1+ 34. Kxf1 Nxe6 0-1

[Event "Valby K41 Spring-B"]
[Site "Valby"]
[Date "2011.04.05"]
[Round "4"]
[White "Abildgaard, Kenneth"]
[Black "Hansen, Martin Holmegaard"]
[Result "1-0"]
[WhiteElo "1935"]
[BlackElo "1958"]
[PlyCount "117"]
[EventDate "2011.03.15"]
[EventType "tourn"]
[EventRounds "7"]
[EventCountry "DEN"]
[SourceTitle "EXT 2023"]
[Source "ChessBase"]
[SourceDate "2022.10.05"]
[SourceVersion "1"]
[SourceVersionDate "2022.10.05"]
[SourceQuality "1"]

1. Nf3 e6 2. g3 c5 3. Bg2 Nc6 4. c4 g6 5. Nc3 Bg7 6. b3 Nge7 7. Bb2 0-0 8. Qc1 b6 9. Ne4 f6 10. Nd6 Qc7 11. Nxc8 Raxc8 12. 0-0 d5 13. e3 Qd6 14. Rd1 Rfd8 15. cxd5 Nb4 16. dxe6 Nd3 17. Qb1 Qxe6 18. Bf1 Nxb2 19. Qxb2 Qe4 20. Bg2 Qd3 21. Rac1 Nc6 22. Qc3 Nb4 23. a3 f5 24. Qxd3 Nxd3 25. Rc2 Ne5 26. Ng5 Bf6 27. f4 Nd3 28. Nf3 Kg7 29. Bf1 Rc7 30. b4 Rcd7 31. bxc5 bxc5 32. Rb1 a5 33. Rb5 Ra7 34. Rc4 h6 35. Ra4 g5 36. Raxa5 Rxa5 37. Rxa5 g4 38. Bxd3 Rxd3 39. Ne1 Rxd2 40. Rxc5 Ra2 41. Rxf5 Rxa3 42. Nc2 Rb3 43. Rc5 Bd8 44. Nd4 Rb1+ 45. Kf2 Bb6 46. Rb5 Rxb5 47. Nxb5 Kf7 48. Ke2 h5 49. Kd3 Kf6 50. e4 Bg1 51. e5+ Ke6 52. Nd4+ Kf7 53. e6+ Kf6 54. f5 Bxh2 55. Ne2 h4 56. gxh4 Bd6 57. Ke4 g3 58. h5 Kg7 59. Kf3 1-0

[Event "Valby K41 Spring-B"]
[Site "Valby"]
[Date "2011.03.22"]
[Round "2"]
[White "Brondum, Eric"]
[Black "Hansen, Martin Holmegaard"]
[Result "1-0"]
[WhiteElo "2033"]
[BlackElo "1958"]
[PlyCount "67"]
[EventDate "2011.03.15"]
[EventType "tourn"]
[EventRounds "7"]
[EventCountry "DEN"]
[SourceTitle "EXT 2023"]
[Source "ChessBase"]
[SourceDate "2022.10.05"]
[SourceVersion "1"]
[SourceVersionDate "2022.10.05"]
[SourceQuality "1"]

1. e4 e6 2. d4 d5 3. e5 Qd7 4. c3 b6 5. a4 a5 6. Bb5 c6 7. Bd3 Ba6 8. Nf3 Ne7 9. 0-0 Bxd3 10. Qxd3 Nf5 11. g4 Ne7 12. Na3 h5 13. h3 Na6 14. Bf4 Ng6 15. Bg3 Be7 16. Nd2 h4 17. Bh2 Nf8 18. Bf4 Nc7 19. Be3 Nh7 20. f4 0-0-0 21. Nc2 g5 22. f5 f6 23. fxe6 Nxe6 24. b4 axb4 25. cxb4 fxe5 26. Rf7 e4 27. Qa6+ Kc7 28. Qa7+ Kd6 29. Qxb6 Rb8 30. Qa6 Ra8 31. Qe2 Raf8 32. Qh2+ Nf4 33. Bxf4+ gxf4 34. Qxf4+ 1-0

[Event "Valby K41 Spring-B"]
[Site "Valby"]
[Date "2011.03.15"]
[Round "1"]
[White "Hansen, Martin Holmegaard"]
[Black "Skou, Niels"]
[Result "0-1"]
[WhiteElo "1958"]
[BlackElo "1927"]
[PlyCount "62"]
[EventDate "2011.03.15"]
[EventType "tourn"]
[EventRounds "7"]
[EventCountry "DEN"]
[SourceTitle "EXT 2023"]
[Source "ChessBase"]
[SourceDate "2022.10.05"]
[SourceVersion "1"]
[SourceVersionDate "2022.10.05"]
[SourceQuality "1"]

1. c4 e6 2. g3 d5 3. Bg2 Nf6 4. d4 c6 5. Qc2 Nbd7 6. Nd2 Bd6 7. e4 dxe4 8. Nxe4 Nxe4 9. Bxe4 Nf6 10. Bg2 e5 11. dxe5 Qa5+ 12. Bd2 Qxe5+ 13. Kf1 Bf5 14. Qc3 0-0-0 15. Nf3 Qxc3 16. Bxc3 Bd3+ 17. Kg1 Bxc4 18. b3 Bd5 19. Ng5 Bc5 20. Bxd5 Rxd5 21. Bxf6 gxf6 22. Nh3 Rd2 23. Kg2 Re8 24. Rhc1 Bd4 25. Rd1 Ree2 26. Rab1 c5 27. a4 Kc7 28. Rbc1 Kb6 29. Kf3 Ka5 30. Re1 Rxe1 31. Rxe1 Rd3+ 0-1

[Event "World op 34th"]
[Site "Philadelphia"]
[Date "2006.07.01"]
[Round "4"]
[White "Milovanovic, Rade"]
[Black "Hansen, Martin Holmegaard"]
[Result "1-0"]
[WhiteElo "2410"]
[BlackElo "2023"]
[PlyCount "83"]
[EventDate "2006.06.28"]
[EventType "swiss"]
[EventRounds "9"]
[EventCountry "USA"]
[SourceTitle "CBM 112 Extra"]
[Source "ChessBase"]
[SourceDate "2006.07.14"]
[SourceVersion "1"]
[SourceVersionDate "2006.07.14"]
[SourceQuality "1"]

1. e4 e6 2. d4 d5 3. Nd2 dxe4 4. Nxe4 Bd7 5. Nf3 Bc6 6. Bd3 Nd7 7. 0-0 Bxe4 8. Bxe4 c6 9. Qe2 Ngf6 10. Bd3 Be7 11. c3 0-0 12. Rd1 Qc7 13. Ne5 Nxe5 14. dxe5 Nd5 15. h4 Rfd8 16. Bc2 Nb6 17. Re1 Nd7 18. h5 a5 19. Qe4 g6 20. Qf4 Bf8 21. Qg3 Bg7 22. f4 a4 23. a3 Nc5 24. Be3 Nb3 25. Rad1 Rxd1 26. Rxd1 Rd8 27. Qf3 Rd7 28. Qe4 Rxd1+ 29. Bxd1 b5 30. c4 bxc4 31. Qxc4 Qa5 32. Kf2 Qd5 33. Qxd5 exd5 34. Bxb3 axb3 35. a4 g5 36. g3 gxf4 37. gxf4 f6 38. a5 fxe5 39. a6 d4 40. a7 dxe3+ 41. Kxe3 exf4+ 42. Kxf4 1-0

[Event "Gladsaxe"]
[Site "Gladsaxe"]
[Date "1993.??.??"]
[Round "7"]
[White "Overby, Lars"]
[Black "Hansen, Martin Holmegaard"]
[Result "1/2-1/2"]
[WhiteElo "1885"]
[BlackElo "1995"]
[PlyCount "55"]
[EventDate "1993.??.??"]
[EventType "swiss"]
[EventRounds "9"]
[EventCountry "DEN"]
[SourceTitle "EXT 2000"]
[Source "ChessBase"]
[SourceDate "1999.11.16"]
[SourceVersion "1"]
[SourceVersionDate "1999.11.16"]
[SourceQuality "1"]

1. d4 Nc6 2. Nf3 Nf6 3. Bg5 e6 4. e4 h6 5. Bxf6 Qxf6 6. c3 e5 7. d5 Ne7 8. Nbd2 Ng6 9. a4 a5 10. Nc4 Bc5 11. Qd2 0-0 12. Bd3 d6 13. 0-0 Nf4 14. Ne1 Qg6 15. Kh1 Bd7 16. g3 Bh3 17. gxf4 Bxf1 18. Bxf1 Qxe4+ 19. Ng2 exf4 20. Re1 Qf5 21. Nxf4 Rfe8 22. Rxe8+ Rxe8 23. Bd3 Qg4 24. Ng2 Qf3 25. Nce3 Re5 26. Qe2 Qxe2 27. Bxe2 Bxe3 28. Nxe3 1/2-1/2